MARC

LEADER 00000nam0a2200000 4500
001 282568
005 20231101235518.0
035 |a (RuTPU)RU\TPU\book\306499 
035 |a RU\TPU\book\129768 
090 |a 282568 
100 |a 20150202d1984 k y0rusy50 ca 
101 0 |a rus 
102 |a RU 
105 |a a z 001zy 
200 1 |a Пограничные ярусы юрской и меловой систем  |f Академия наук СССР (АН СССР), Сибирское отделение (СО), Институт геологии и геофизики (ИГиГ) ; отв. ред. В. В. Меннер 
210 |a Москва  |c Наука  |d 1984 
215 |a 183 с.  |c ил. 
225 1 |a Труды института геологии и геофизики СО АН СССР  |v Вып. 644 
320 |a Библиография в конце статей 
606 |a Юрские отложения  |2 stltpush  |3 (RuTPU)RU\TPU\subj\21540  |9 46509 
606 |a Меловые отложения  |2 stltpush  |3 (RuTPU)RU\TPU\subj\42061  |9 61820 
610 1 |a геология 
610 1 |a палеонтология 
610 1 |a фауна 
610 1 |a фанерозой 
610 1 |a пограничные отложения 
610 1 |a корреляции 
675 |a 551.762  |v 3 
675 |a 551.763  |v 3 
702 1 |a Меннер  |b В. В.  |4 340 
712 0 2 |a Академия наук СССР (АН СССР)  |b Сибирское отделение (СО)  |b Институт геологии и геофизики (ИГиГ)  |c (Новосибирск)  |2 stltpush  |3 (RuTPU)RU\TPU\col\128 
801 1 |a RU  |b 63413507  |c 20070808  |g PSBO 
801 2 |a RU  |b 63413507  |c 20170706  |g PSBO 
942 |c BK